Condicions generals de seguretat en els llocs de treball : és la teva seguretat, informa-te'n és la teva seguretat, informa-te'n
Descripción Física:
1 fulletó ; 14 pàgs. ; il. col. ; 21 cm.
Idioma:
Catalán
MARC
| LEADER | 00000nam a22000007a 4500 | ||
|---|---|---|---|
| 001 | 27823 | ||
| 003 | Arxiu | ||
| 005 | 20260324181515.0 | ||
| 008 | 230509b spa||||| |||| 00| 0 cat d | ||
| 017 | |a B 3727-2018 | ||
| 040 | |a agdb |b cat | ||
| 110 | 1 | |9 52859 |a Barcelona (Catalunya : Província). |b Direcció dels Serveis de Recursos Humans | |
| 245 | |a Condicions generals de seguretat en els llocs de treball : |b és la teva seguretat, informa-te'n | ||
| 260 | |a Barcelona : |b Diputació de Barcelona ; |c 2018 | ||
| 300 | |a 1 fulletó ; 14 pàgs. ; |b il. col. ; |c 21 cm. | ||
| 650 | 0 | |2 Arxiu |9 45811 |a Seguretat en el treball |x Manuals, guies, etc. | |
| 710 | |a Barcelona (Catalunya : Província). |b Àrea de Presidència |9 52558 | ||
| 942 | |2 udc |c ARXIU |n 1 | ||
| 952 | |0 0 |1 0 |2 udc |4 0 |6 FU7564 |7 1 |9 66284 |a Arxiu |b Arxiu |d 2023-05-09 |l 0 |o FU-75-64 |p 27823 |r 2023-05-09 00:00:00 |w 2023-05-09 |y ARXIU | ||
| 999 | |c 83420 |d 83420 | ||